[Event "SVK-chT2C 1819"]
[Site "Slovakia"]
[Date "2019.03.03"]
[Round "9.8"]
[White "Listiak, Juraj"]
[Black "Kupka, Jakub"]
[Result "1-0"]
[WhiteElo "1966"]
[BlackElo "1938"]
[PlyCount "111"]
[EventDate "2018.10.13"]
[EventType "team-tourn"]
[EventRounds "11"]
[EventCountry "SVK"]
[SourceTitle "CBM 189 Extra"]
[Source "ChessBase"]
[SourceDate "2019.06.03"]
[SourceVersion "1"]
[SourceVersionDate "2019.06.03"]
[SourceQuality "1"]
[WhiteTeam "Banska Bystrica Kurta"]
[BlackTeam "Cadca Caissa"]
[WhiteTeamCountry "SVK"]
[BlackTeamCountry "SVK"]

1. e4 c5 2. Nc3 Nc6 3. g3 g6 4. Bg2 Bg7 5. d3 d6 6. Nge2 Nf6 7. h3 a6 8. f4 Qc7 9. a4 Be6 10. 0-0 0-0-0 11. Nd5 Bxd5 12. exd5 Nb4 13. c4 Nd7 14. Rb1 e5 15. f5 Rde8 16. Nc3 Nf6 17. Bg5 Rhf8 18. Qd2 Qd7 19. g4 h5 20. Bxf6 Bxf6 21. g5 Bxg5 22. Qxg5 Nxd3 23. Ne4 Nf4 24. Rxf4 exf4 25. Qxf4 Rd8 26. h4 Kc7 27. Nxc5 Qxf5 28. Qxf5 gxf5 29. Nd3 Rg8 30. Rf1 Rg3 31. Rf3 Rg4 32. b3 Rdg8 33. Ne1 f4 34. Kf2 Rxh4 35. Nd3 Rg3 36. Nxf4 Rxf3+ 37. Kxf3 Rg4 38. Nxh5 Rg5 39. Nf4 b5 40. axb5 axb5 41. cxb5 Kb6 42. Bf1 Re5 43. Bc4 Re1 44. Kg4 Re5 45. Nd3 Re3 46. Kf4 Rh3 47. Nf2 Rh2 48. Ne4 Kc7 49. b6+ Kxb6 50. Nxd6 Kc7 51. Ne4 Kd8 52. d6 Rh1 53. Ke5 Ke8 54. Kd5 f5 55. Nc5 Rd1+ 56. Kc6 1-0

[Event "SVK-chT2C 1415"]
[Site "Slovakia"]
[Date "2015.02.15"]
[Round "9.4"]
[White "Kupka, Jakub"]
[Black "Kral, Pavol"]
[Result "1-0"]
[WhiteElo "1849"]
[BlackElo "2046"]
[PlyCount "71"]
[EventDate "2014.10.11"]
[EventType "team-tourn"]
[EventRounds "11"]
[EventCountry "SVK"]
[SourceTitle "EXT 2016"]
[Source "ChessBase"]
[SourceDate "2015.10.08"]
[SourceVersion "1"]
[SourceVersionDate "2015.10.08"]
[SourceQuality "1"]
[WhiteTeam "Cadca Caissa II"]
[BlackTeam "Banska Bystrica Veza"]
[WhiteTeamCountry "SVK"]
[BlackTeamCountry "SVK"]

1. e4 c5 2. Nf3 Nc6 3. d4 cxd4 4. Nxd4 Nf6 5. f3 g6 6. c4 Bg7 7. Nc3 0-0 8. Be3 d6 9. Qd2 Bd7 10. Be2 a6 11. 0-0 Rc8 12. a4 Na5 13. Nd5 Nxc4 14. Bxc4 Rxc4 15. b3 Rc8 16. Rac1 e6 17. Rxc8 Bxc8 18. Nb6 d5 19. Rc1 Qxb6 20. Nf5 d4 21. Bxd4 Qxb3 22. Nxg7 Kxg7 23. Qg5 e5 24. Qxe5 Qe6 25. Qf4 Rd8 26. Be5 Re8 27. Bd4 Rd8 28. Be5 b5 29. g4 h6 30. h4 Qb6+ 31. Kh1 Bb7 32. g5 hxg5 33. hxg5 Rh8+ 34. Kg2 Rh5 35. Bxf6+ Kh7 36. Qb8 1-0

[Event "SVK-chT2C 1415"]
[Site "Slovakia"]
[Date "2014.11.09"]
[Round "4.6"]
[White "Kupka, Jakub"]
[Black "Svrcek, Martin"]
[Result "0-1"]
[WhiteElo "1849"]
[BlackElo "1979"]
[PlyCount "118"]
[EventDate "2014.10.11"]
[EventType "team-tourn"]
[EventRounds "11"]
[EventCountry "SVK"]
[SourceTitle "EXT 2016"]
[Source "ChessBase"]
[SourceDate "2015.10.08"]
[SourceVersion "1"]
[SourceVersionDate "2015.10.08"]
[SourceQuality "1"]
[WhiteTeam "Cadca Caissa II"]
[BlackTeam "Kysucke Nove Mesto"]
[WhiteTeamCountry "SVK"]
[BlackTeamCountry "SVK"]

1. b3 Nf6 2. Bb2 c5 3. Nf3 g6 4. e3 Bg7 5. Be2 0-0 6. 0-0 a6 7. c4 Nc6 8. Nc3 e6 9. d4 cxd4 10. Nxd4 d5 11. cxd5 Nxd4 12. exd4 Nxd5 13. Nxd5 exd5 14. Ba3 Re8 15. Qd2 Re4 16. Bb2 Re8 17. Rac1 Bf5 18. Bd3 Bxd3 19. Qxd3 Qb6 20. Rc5 Rad8 21. Qf3 Qd6 22. Rfc1 Re4 23. g3 Bxd4 24. Rc7 Qe6 25. Bxd4 Rxd4 26. Rxb7 h5 27. Rcc7 Rf8 28. Re7 Qf5 29. Qxf5 gxf5 30. Ra7 f4 31. gxf4 h4 32. Re5 Rxf4 33. Rxd5 Rc8 34. Rad7 h3 35. Rd8+ Rxd8 36. Rxd8+ Kg7 37. Rd3 Rh4 38. Kf1 a5 39. Rc3 Kf6 40. Rc5 a4 41. Rc4 Rxc4 42. bxc4 Ke5 43. c5 Kd5 44. c6 Kxc6 45. f3 Kc5 46. Ke2 Kb4 47. Kd2 Ka3 48. Kc3 Kxa2 49. f4 a3 50. Kc2 f5 51. Kc1 Kb3 52. Kb1 Kc3 53. Ka2 Kd4 54. Kxa3 Ke4 55. Kb2 Kxf4 56. Kc1 Ke3 57. Kd1 Kf2 58. Kd2 f4 59. Kd3 Kg2 0-1

[Event "SVK-chT2C 1314"]
[Site "Slovakia"]
[Date "2014.02.23"]
[Round "9.7"]
[White "Kupka, Jakub"]
[Black "Muntag, Marian"]
[Result "1-0"]
[WhiteElo "1831"]
[BlackElo "1865"]
[PlyCount "89"]
[EventDate "2013.10.19"]
[EventType "team-tourn"]
[EventRounds "11"]
[EventCountry "SVK"]
[SourceTitle "EXT 2015"]
[Source "ChessBase"]
[SourceDate "2014.11.20"]
[SourceVersion "1"]
[SourceVersionDate "2014.11.20"]
[SourceQuality "1"]
[WhiteTeam "Cadca II"]
[BlackTeam "Zilina DMS"]
[WhiteTeamCountry "SVK"]
[BlackTeamCountry "SVK"]

1. e4 e5 2. Nc3 Nf6 3. f4 d6 4. Nf3 Bg4 5. Bc4 Be7 6. 0-0 Nc6 7. h3 Bxf3 8. Qxf3 Nd4 9. Qd1 a6 10. d3 0-0 11. a4 c6 12. fxe5 dxe5 13. Bg5 b5 14. axb5 cxb5 15. Bxf6 Bxf6 16. Bd5 Ra7 17. Ne2 Qd6 18. c3 Nxe2+ 19. Qxe2 Rc8 20. Qg4 Rcc7 21. Rf3 g6 22. Raf1 Bg7 23. Kh1 h5 24. Qg5 Re7 25. g4 hxg4 26. Qxg4 a5 27. Qc8+ Bf8 28. Rf6 Qd7 29. Rxg6+ Kh7 30. Qxd7 Raxd7 31. Rb6 Bh6 32. Rxb5 Ra7 33. Ra1 Ra6 34. Rbxa5 Rf6 35. Ra7 Rxa7 36. Rxa7 Kg6 37. Kg2 Be3 38. Rb7 Rf2+ 39. Kg3 f6 40. h4 Rd2 41. Bf7+ Kh6 42. Kf3 Bf2 43. h5 Bh4 44. Kg4 Bg5 45. Bg6 1-0

[Event "SVK-chT2C 1314"]
[Site "Slovakia"]
[Date "2013.11.23"]
[Round "3.7"]
[White "Kupka, Jakub"]
[Black "Listiak, Juraj"]
[Result "0-1"]
[WhiteElo "1831"]
[BlackElo "1991"]
[PlyCount "100"]
[EventDate "2013.10.19"]
[EventType "team-tourn"]
[EventRounds "11"]
[EventCountry "SVK"]
[SourceTitle "EXT 2015"]
[Source "ChessBase"]
[SourceDate "2014.11.20"]
[SourceVersion "1"]
[SourceVersionDate "2014.11.20"]
[SourceQuality "1"]
[WhiteTeam "Cadca II"]
[BlackTeam "Banska Bystrica Kurta"]
[WhiteTeamCountry "SVK"]
[BlackTeamCountry "SVK"]

1. e4 e6 2. d3 c5 3. g3 Nc6 4. Bg2 g6 5. Nc3 Bg7 6. Nge2 Nge7 7. 0-0 0-0 8. Be3 Nd4 9. f4 d6 10. Qd2 Rb8 11. Rf2 b5 12. Raf1 f5 13. Nd1 b4 14. c3 Nxe2+ 15. Qxe2 Qa5 16. e5 dxe5 17. fxe5 Bxe5 18. cxb4 cxb4 19. Bxa7 Rb5 20. d4 Bf6 21. Bc5 Bd7 22. g4 Rxc5 23. dxc5 Bd4 24. Ne3 Qxc5 25. Re1 Bb5 26. Qd2 e5 27. Nc2 Bxb2 28. Rd1 Ba4 29. Bd5+ Kg7 30. Bb3 Bb5 31. Qd6 Qxd6 32. Rxd6 Bc3 33. gxf5 Nxf5 34. Rb6 Bd3 35. Rb7+ Kh6 36. Rf3 e4 37. Rh3+ Kg5 38. Nxb4 Bd4+ 39. Kh1 Be2 40. Bd5 Ne3 41. Rg3+ Kf4 42. Bxe4 Kxe4 43. Re7+ Kf4 44. Rgxe3 Bxe3 45. Nd5+ Kf3 46. Nxe3 Kf2 47. h4 Rf4 48. Ng2 Bf3 49. Kh2 Bxg2 50. Rxh7 Rf3 0-1